000
00249nam a2200109Ia 4500
008
190216s9999||||xx |||||||||||||| ||und||
100
_a
Nooranad Haneefa
245
0
_a
Malayalam-Preetha
260
_b
Nbs Kottayam
650
_a
Malayalam
942
_c
BK
999
_c
24791
_d
24791